[Event "Montevideo Duchamp Cup 5th"]
[Site "Montevideo"]
[Date "2022.02.14"]
[Round "4"]
[White "Barreto, Carlos"]
[Black "Baratta, Daniel"]
[Result "1-0"]
[WhiteElo "1736"]
[BlackElo "1198"]
[PlyCount "81"]
[EventDate "2022.02.12"]
[EventType "swiss"]
[EventRounds "9"]
[EventCountry "URU"]
[SourceTitle "CBM 206 Extra"]
[Source "ChessBase"]
[SourceDate "2022.03.31"]
[SourceVersion "1"]
[SourceVersionDate "2022.03.31"]
[SourceQuality "1"]

1. e4 c5 2. Nc3 d6 3. Bb5+ Bd7 4. Qe2 a6 5. Bxd7+ Nxd7 6. d3 Ngf6 7. f4 e5 8. Nf3 Be7 9. h3 Nh5 10. 0-0 Ng3 11. Qf2 Nxf1 12. Kxf1 Nf6 13. fxe5 dxe5 14. Be3 Qc7 15. g4 h6 16. Kg2 g5 17. Rf1 0-0-0 18. Qg3 Rdg8 19. Nd5 Nxd5 20. exd5 Bd6 21. Qf2 Rf8 22. Nd2 h5 23. Nc4 hxg4 24. Qf5+ Kb8 25. Qxg4 e4 26. dxe4 Bf4 27. Rxf4 gxf4 28. Bxf4 Rhg8 29. Kf3 Rxg4 30. hxg4 Qxf4+ 31. Kxf4 Kc7 32. e5 b5 33. Ne3 Kd7 34. g5 Rh8 35. Kf5 Rh3 36. e6+ fxe6+ 37. dxe6+ Ke8 38. Nd5 Rf3+ 39. Ke5 Rf2 40. Kd6 Rg2 41. Nf6+ 1-0

[Event "Montevideo Duchamp Cup 5th"]
[Site "Montevideo"]
[Date "2022.02.12"]
[Round "1"]
[White "Lima, Darcy Gustavo Macha"]
[Black "Barreto, Carlos"]
[Result "1-0"]
[WhiteElo "2507"]
[BlackElo "1736"]
[PlyCount "65"]
[EventDate "2022.02.12"]
[EventType "swiss"]
[EventRounds "9"]
[EventCountry "URU"]
[SourceTitle "CBM 206 Extra"]
[Source "ChessBase"]
[SourceDate "2022.03.31"]
[SourceVersion "1"]
[SourceVersionDate "2022.03.31"]
[SourceQuality "1"]

1. e4 e5 2. Nf3 Nc6 3. Nc3 Nf6 4. g3 Be7 5. Bg2 d6 6. d4 Bg4 7. d5 Nd4 8. Be3 Nxf3+ 9. Bxf3 Qd7 10. Qe2 Bh3 11. 0-0-0 0-0 12. Rhg1 Ng4 13. Bxg4 Bxg4 14. f3 Bh5 15. g4 Bg6 16. Qe1 Qd8 17. Bf2 a6 18. h4 f6 19. Ne2 c5 20. Ng3 b5 21. Be3 a5 22. f4 b4 23. Nf5 Bxf5 24. gxf5 Rf7 25. h5 exf4 26. Bxf4 Bf8 27. h6 Qe7 28. Rg4 Kh8 29. Qg3 Rd8 30. Rg1 Rd7 31. Kb1 a4 32. Bd2 Qe5 33. Qxe5 1-0

[Event "Punta del Este Interdepartamental"]
[Site "Punta del Este"]
[Date "2019.08.24"]
[Round "3.3"]
[White "Dominguez, Facundo"]
[Black "Barreto, Carlos"]
[Result "1/2-1/2"]
[WhiteElo "2138"]
[BlackElo "1739"]
[PlyCount "88"]
[EventDate "2019.08.23"]
[EventType "team-swiss"]
[EventRounds "5"]
[EventCountry "URU"]
[SourceTitle "EXT 2020"]
[Source "ChessBase"]
[SourceDate "2019.10.17"]
[SourceVersion "1"]
[SourceVersionDate "2019.10.17"]
[SourceQuality "1"]
[WhiteTeam "Montevideo Piratas"]
[BlackTeam "Rivera"]
[WhiteTeamCountry "URU"]
[BlackTeamCountry "URU"]

1. e4 e5 2. Nf3 Nc6 3. Bb5 a6 4. Bxc6 dxc6 5. 0-0 Bg4 6. h3 Bxf3 7. Qxf3 Nf6 8. d3 Qd7 9. Nd2 Be7 10. Nc4 Qe6 11. Re1 0-0 12. Qf5 Nd7 13. Qxe6 fxe6 14. Bd2 Rf7 15. f3 b6 16. Bc3 Bc5+ 17. Kf1 Bd4 18. Ke2 Raf8 19. Rab1 Rf6 20. Bb4 Rg6 21. Bxf8 Rxg2+ 22. Kd1 Kxf8 23. c3 Bc5 24. b4 Be7 25. Ne3 Rg3 26. Rh1 Bg5 27. Ke2 Nf6 28. Rhg1 Bf4 29. Rxg3 Bxg3 30. d4 Nh5 31. a4 Nf4+ 32. Kf1 h5 33. a5 b5 34. dxe5 h4 35. c4 Ke7 36. cxb5 cxb5 37. Nc2 Nxh3 38. Kg2 Nf4+ 39. Kh1 Nd3 40. Rb3 Nc1 41. Rc3 Bxe5 42. Rc6 Nd3 43. Kg2 Nf4+ 44. Kh1 Nd3 1/2-1/2

[Event "Montevideo zt 2.5"]
[Site "Montevideo"]
[Date "2019.04.18"]
[Round "8"]
[White "Barreto, Carlos"]
[Black "Manteiga, Franco"]
[Result "0-1"]
[WhiteElo "1778"]
[BlackElo "1684"]
[PlyCount "66"]
[EventDate "2019.04.13"]
[EventType "swiss"]
[EventRounds "9"]
[EventCountry "URU"]
[SourceTitle "CBM 189 Extra"]
[Source "ChessBase"]
[SourceDate "2019.05.31"]
[SourceVersion "1"]
[SourceVersionDate "2019.05.31"]
[SourceQuality "1"]

1. d4 Nf6 2. Nf3 d5 3. Bf4 c5 4. e3 Nc6 5. c3 Qb6 6. Na3 c4 7. Qc1 Bf5 8. b3 cxb3 9. axb3 Rc8 10. Bb5 e6 11. Ne5 Bxa3 12. Bxc6+ Qxc6 13. Rxa3 Qxc3+ 14. Qxc3 Rxc3 15. 0-0 a6 16. h3 Ke7 17. Rfa1 Rhc8 18. Kh2 Rc2 19. R3a2 h6 20. Nf3 Ne4 21. g4 Bh7 22. Kg2 f6 23. Ne1 R2c3 24. Rb2 Nd6 25. Bxd6+ Kxd6 26. Kg3 e5 27. Rd1 Bc2 28. dxe5+ fxe5 29. Nxc2 Rxc2 30. Rxc2 Rxc2 31. e4 d4 32. f4 Rc3+ 33. Kh4 Rxb3 0-1

[Event "Montevideo zt 2.5"]
[Site "Montevideo"]
[Date "2019.04.13"]
[Round "1"]
[White "Barreto, Carlos"]
[Black "Jodorcovsky Werjivker, Paulo"]
[Result "0-1"]
[WhiteElo "1778"]
[BlackElo "2257"]
[PlyCount "54"]
[EventDate "2019.04.13"]
[EventType "swiss"]
[EventRounds "9"]
[EventCountry "URU"]
[SourceTitle "CBM 189 Extra"]
[Source "ChessBase"]
[SourceDate "2019.05.31"]
[SourceVersion "1"]
[SourceVersionDate "2019.05.31"]
[SourceQuality "1"]

1. d4 d5 2. Bf4 Nf6 3. Nf3 c5 4. e3 Nc6 5. c3 e6 6. Bd3 Bd6 7. Ne5 Qc7 8. Nxc6 Bxf4 9. Nxa7 Rxa7 10. exf4 cxd4 11. Bb5+ Bd7 12. Bxd7+ Qxd7 13. Qxd4 Ra4 14. b4 Qb5 15. f3 0-0 16. Kf2 Qa6 17. a3 Rc8 18. Nd2 Rxa3 19. Nb3 Ra2+ 20. Kg3 Nh5+ 21. Kh4 g6 22. g4 Ng7 23. Kg5 e5 24. Qxd5 Ne6+ 25. Kh6 Rxa1 26. Rxa1 Qe2 27. h4 Qh2 0-1

[Event "URU Department-chT"]
[Site "Punta del Este"]
[Date "2018.08.25"]
[Round "3.33"]
[White "Barreto, Carlos"]
[Black "Rodriguez Farias, Eduardo"]
[Result "1-0"]
[WhiteElo "1765"]
[BlackElo "1908"]
[PlyCount "87"]
[EventDate "2018.08.24"]
[EventType "team-swiss"]
[EventRounds "5"]
[EventCountry "URU"]
[SourceTitle "EXT 2019"]
[Source "ChessBase"]
[SourceDate "2018.10.10"]
[SourceVersion "1"]
[SourceVersionDate "2018.10.10"]
[SourceQuality "1"]
[WhiteTeam "Rivera"]
[BlackTeam "Montevideo de la Mancha"]
[WhiteTeamCountry "URU"]
[BlackTeamCountry "URU"]

1. e4 c5 2. Nc3 Nc6 3. Bb5 Nd4 4. Bc4 e6 5. Nf3 a6 6. a4 Qc7 7. d3 Nf6 8. Bg5 Be7 9. Bh4 0-0 10. 0-0 Qb6 11. e5 Nd5 12. Nxd5 exd5 13. Bxe7 Re8 14. Bxd5 Rxe7 15. Nxd4 cxd4 16. b3 Rxe5 17. Qf3 Qg6 18. Rae1 d6 19. Bxb7 Bg4 20. Qc6 Rd8 21. Rxe5 dxe5 22. Qxg6 hxg6 23. Bxa6 Ra8 24. Bc4 Kf8 25. f3 Bd7 26. f4 e4 27. dxe4 Rc8 28. a5 Bc6 29. Bd3 Ke7 30. f5 g5 31. e5 Bd5 32. f6+ gxf6 33. exf6+ Kd6 34. b4 Ke5 35. Rf5+ Kd6 36. Rxg5 Rb8 37. b5 Bb7 38. Rf5 Rg8 39. g3 Rc8 40. Rf4 Ke5 41. a6 Bd5 42. b6 Rb8 43. Rf5+ Ke6 44. Rxd5 1-0

[Event "Montevideo Duchamp Cup 2nd"]
[Site "Montevideo"]
[Date "2018.02.08"]
[Round "9"]
[White "Aguerre, Valentin"]
[Black "Barreto, Carlos"]
[Result "1/2-1/2"]
[WhiteElo "1634"]
[BlackElo "1795"]
[PlyCount "56"]
[EventDate "2018.02.02"]
[EventType "swiss"]
[EventRounds "9"]
[EventCountry "URU"]
[SourceTitle "CBM 182 Extra"]
[Source "ChessBase"]
[SourceDate "2018.02.23"]
[SourceVersion "1"]
[SourceVersionDate "2018.02.23"]
[SourceQuality "1"]

1. d4 d5 2. Bf4 e6 3. e3 c5 4. c3 Nf6 5. Nd2 Qb6 6. Qb3 c4 7. Qxb6 axb6 8. a3 Nc6 9. Be2 b5 10. Rc1 Nd7 11. Ngf3 f6 12. e4 h6 13. h4 Be7 14. Bd1 dxe4 15. Nxe4 e5 16. dxe5 Ndxe5 17. Nxe5 Nxe5 18. Bh5+ Nf7 19. Rd1 0-0 20. Nd6 Bxd6 21. Bxd6 Re8+ 22. Be2 Bf5 23. Bf4 Be4 24. f3 Bd3 25. Rd2 g5 26. Bg3 Ne5 27. Bxe5 Rxe5 28. Kf2 Bxe2 1/2-1/2

[Event "Montevideo Duchamp Cup 2nd"]
[Site "Montevideo"]
[Date "2018.02.03"]
[Round "3"]
[White "Agrasot, Antonio"]
[Black "Barreto, Carlos"]
[Result "0-1"]
[WhiteElo "1558"]
[BlackElo "1795"]
[PlyCount "56"]
[EventDate "2018.02.02"]
[EventType "swiss"]
[EventRounds "9"]
[EventCountry "URU"]
[SourceTitle "CBM 182 Extra"]
[Source "ChessBase"]
[SourceDate "2018.02.23"]
[SourceVersion "1"]
[SourceVersionDate "2018.02.23"]
[SourceQuality "1"]

1. e4 e6 2. c4 d5 3. exd5 exd5 4. cxd5 Qxd5 5. Nc3 Qf5 6. Qa4+ Bd7 7. Qe4+ Qxe4+ 8. Nxe4 Nc6 9. Bc4 Ne5 10. Be2 Bc6 11. f3 h6 12. d4 Ng6 13. g3 Rd8 14. Be3 Bb4+ 15. Nc3 Nf6 16. 0-0-0 Ng4 17. Rd3 0-0 18. d5 Bxc3 19. dxc6 Rxd3 20. Bxd3 Bxb2+ 21. Kxb2 Nxe3 22. cxb7 Nd1+ 23. Kc2 Nf2 24. Ba6 Nxh1 25. Nh3 Ne5 26. f4 Nc6 27. Kc3 Nb8 28. Kd2 Nxa6 0-1